zpět

Detail výsledku týmu

Kupé speci, Opava

Datum a čas kvízu

29.5 Celkem bodů Celkový počet nahraných bodů na tomto kvízu bez doplňovacích otázek.
4. Pořadí na kvízu Konečné umístění týmu na tomto kvízu.

Zaznamenané odpovědi

# Otázka Odpověď Body Výsledky
1. Kvíz začneme poměrně základní... Jaroslav Jiřík 0
2. Přiřaďte české hráče k týmům,... 1C 2B 3D 4A 1
3. Určitě se shodneme na tom, že... Columbus Blue Jackets 1
4. Tomáš Plekanec strávil skoro c... Toronto Maple Leafs 1
5. Velmi výraznou stopu zanechal... Robert Lang, Martin Straka 0.5
6. Pokud nebude v zadání řečeno j... 30 cm 0
7. Každému týmu je dovoleno mít p... dvacet 0
8. V mužském hokeji musí být hráč... chránič očí 1
9. Přesuneme se k pravidlu, které... bližší 1
10. Připouští pravidla teoretickou... ne 0